000 00757nam a2200241Ia 4500
003 OSt
005 20220923214800.0
006 a|||||r|||| 00| 0
007 ta
008 220922b |||||||| |||| 00| 0 hin d
024 _a172,693
037 _cTextual
040 _aARTS
_cARTS
_bhin
041 _2hin
_ahin
082 _aO152,3NMI6,VA, L2
100 _aमिश्र, गोविन्द
_9156279
245 0 _aवह अपना चेहरा और एक कहानी
246 _aVah apanā cheharā aur ek kahānī
260 _c1972
650 _aहिन्दी साहित्य
_9156264
942 _hO152,3NMI6,VA, L2
_cTEXL
_2CC
999 _c326701
_d326701